Our Constitution: (Record no. 204170)

MARC details
000 -LEADER
fixed length control field 00723nam a22002057a 4500
005 - DATE AND TIME OF LATEST TRANSACTION
control field 20241022143732.0
010 ## - LCCN (DPL NO)
LC control number ENG-140894 ENG-142244
020 ## - INTERNATIONAL STANDARD BOOK NUMBER
International Standard Book Number 9788123707341
Terms of availability 185.00
020 ## - INTERNATIONAL STANDARD BOOK NUMBER
International Standard Book Number 9788123707341
Terms of availability 295.00
035 ## - SYSTEM CONTROL NUMBER
System control number EN-124426
035 ## - SYSTEM CONTROL NUMBER
System control number EN-125776
037 ## - SOURCE OF ACQUISITION
Source of stock number/acquisition DBAD
082 ## - DEWEY DECIMAL CLASSIFICATION NUMBER
Classification number 320.54
100 ## - MAIN ENTRY--PERSONAL NAME
Personal name Kashyap, Subhash C.
245 ## - TITLE STATEMENT
Title Our Constitution:
Remainder of title An Introduction to India's Constitution and Constitutional Law/
Statement of responsibility, etc By Kashyap, Subhash C.
260 ## - PUBLICATION, DISTRIBUTION, ETC. (IMPRINT)
Place of publication, distribution, etc New Delhi
Name of publisher, distributor, etc National Book Trust,India
Date of publication, distribution, etc 2017
270 ## - ADDRESS
Address Nehru Bhawan, 5 Institutional Area, Phase-II Vasant Kunj, New Delhi
City New Delhi
Postal code 110070
300 ## - PHYSICAL DESCRIPTION
Extent xxvi,415p.
Dimensions 21cm(pbk)
942 ## - ADDED ENTRY ELEMENTS (KOHA)
Item type Children Books
Source of classification or shelving scheme Dewey Decimal Classification
Classification part 320.54
Call number suffix KAS
Call number prefix
Holdings
Withdrawn status Lost status Not for loan Collection code Home library Current library Date acquired Source of acquisition Cost, normal purchase price Full call number Barcode Copy number Cost, replacement price Koha item type
      Non-fiction Bawana Bawana 22/10/2024 DBAD 295.00 320.54 KAS EN-125776 1 295.00 English Books
      Non-fiction Narela Narela 18/07/2024 DBAD 185.00 320.54 KAS EN-124426 1 185.00 English Books

© Delhi Public Library
Hit Counter
free hit counter